000
00323 a2200157 4500
001
190850
020
_a
85-7185-003-8
040
_c
Magnum
100
_a
Nóbrega, Francisca
240
1
0
_a
Cadê Filó?
_l
por
245
1
0
_a
Cadê Filó?
300
_a
18
362
0
_a
1989
697
_a
LITERATURA INFANTIL
942
_c
BK
999
_c
190850
_d
190850